The principles of metallographic laboratory practice (Record no. 3098)

MARC details
000 -LEADER
fixed length control field 00627nam a2200193Ia 4500
003 - CONTROL NUMBER IDENTIFIER
control field IN-BaIIA
008 - FIXED-LENGTH DATA ELEMENTS--GENERAL INFORMATION
fixed length control field 211028s9999 xx 000 0 eng d
040 ## - CATALOGING SOURCE
Transcribing agency IIA Library
080 ## - UNIVERSAL DECIMAL CLASSIFICATION NUMBER
Universal Decimal Classification number 620.18
Item number KEH
100 ## - MAIN ENTRY--PERSONAL NAME
Personal name Kehl, L George
9 (RLIN) 5500
245 #4 - TITLE STATEMENT
Title The principles of metallographic laboratory practice
Statement of responsibility, etc. George L. Kehl
250 ## - EDITION STATEMENT
Edition statement 3rd ed
260 ## - PUBLICATION, DISTRIBUTION, ETC.
Place of publication, distribution, etc. New Delhi
Name of publisher, distributor, etc. Eurasia Publishing
Date of publication, distribution, etc. 1965
300 ## - PHYSICAL DESCRIPTION
Extent xiv, 520p.
490 ## - SERIES STATEMENT
Series statement Metallurgy and metallurgical engineering series
650 ## - SUBJECT ADDED ENTRY--TOPICAL TERM
Topical term or geographic name entry element Astronomy and Astrophysics Thesaurus
650 ## - SUBJECT ADDED ENTRY--TOPICAL TERM
Topical term or geographic name entry element Matallography
9 (RLIN) 5501
942 ## - ADDED ENTRY ELEMENTS (KOHA)
Koha item type Books
Holdings
Withdrawn status Lost status Damaged status Not for loan Home library Current library Shelving location Date acquired Cost, normal purchase price Total Checkouts Full call number Barcode Date last seen Cost, replacement price Price effective from Koha item type Purchase Price
        IIA Library-Bangalore IIA Library-Kodaikanal General Stacks 13/09/1968 15.00   620.18/ KEH 3447 05/11/2021 15.00 13/09/1968 Books Rs. 15.00

Powered by Koha